| 000 | 00655nam a2200217 a 4500 | ||
|---|---|---|---|
| 001 | BRCA_6793 | ||
| 005 | 20190320205607.0 | ||
| 008 | 311011s1954----be-#######---#000-0#spa-# | ||
| 041 | _aspa | ||
| 044 | _abe | ||
| 050 | 4 |
_aHC315 _b.O73 _c1954 |
|
| 245 | 1 | 0 |
_aA sus ordenes la Industria Belga _bexposición de productos belgas en Méjico _cComité Belga de Exposiciones de Ferias y de Expansión Nacional |
| 260 |
_aBélgica _bPuvrez _c1954 |
||
| 300 |
_a222 p. _bil., láminas. _c21 cm. |
||
| 500 | _aIncluye un cuadernillo | ||
| 500 | _aI151 | ||
| 650 | 1 | 4 |
_aExposición _xAnuncios _916937 |
| 651 | 4 |
_aBélgica _916938 |
|
| 902 | _aGFM | ||
| 942 |
_2lcc _cB |
||
| 999 |
_c6476 _d6476 |
||